| Tag |
First Indicator |
Second Indicator |
Subfields |
| LEADER |
00000pam a22000004a 4500 |
| 001 |
in00001793421 |
| 005 |
20151025124321.0 |
| 008 |
030806s2004 mdua b 001 0 eng |
| 010 |
|
|
|a 2003017722
|
| 020 |
|
|
|a 0742528812 (cloth : alk. paper)
|
| 020 |
|
|
|a 0742528820 (pbk. : alk. paper)
|
| 035 |
|
|
|a (OCoLC)ocm52845511
|
| 040 |
|
|
|a DLC
|c DLC
|d YDX
|d UtOrBLW
|
| 042 |
|
|
|a pcc
|
| 049 |
|
|
|a TXAM
|
| 050 |
0 |
0 |
|a HM1176
|b .J65 2004
|
| 082 |
0 |
0 |
|a 302/.13
|2 22
|
| 100 |
1 |
|
|a Johnson-Cartee, Karen S.
|
| 245 |
1 |
0 |
|a Strategic political communication :
|b rethinking social influence, persuasion, and propaganda /
|c Karen S. Johnson-Cartee and Gary A. Copeland.
|
| 264 |
|
1 |
|a Lanham, Md. :
|b Rowman & Littlefield,
|c [2004]
|
| 264 |
|
4 |
|c ©2004
|
| 300 |
|
|
|a ix, 231 pages :
|b illustrations ;
|c 24 cm.
|
| 336 |
|
|
|a text
|b txt
|2 rdacontent
|
| 337 |
|
|
|a unmediated
|b n
|2 rdamedia
|
| 338 |
|
|
|a volume
|b nc
|2 rdacarrier
|
| 490 |
1 |
|
|a Communication, media, and politics
|
| 504 |
|
|
|a Includes bibliographical references (pages 203-226) and index.
|
| 650 |
|
0 |
|a Social influence.
|
| 700 |
1 |
|
|a Copeland, Gary.
|
| 830 |
|
0 |
|a Communication, media, and politics.
|
| 945 |
|
|
|i PromptCat
|
| 948 |
|
|
|a cataloged
|b cmulkey
|c 2003/11/19
|d 9:49:41 am
|
| 994 |
|
|
|a 92
|b TXA
|
| 999 |
|
|
|a MARS
|
| 999 |
f |
f |
|s 0873c652-194e-3d84-81a3-f1ce95081b79
|i 4ee0c62c-801b-34b7-965a-8e4797c4d1d2
|t 0
|
| 952 |
f |
f |
|p ric
|a Texas A&M University
|b Rellis Campus
|c Joint Library Facility
|d Remote Storage
|t 0
|e HM1176 .J65 2004
|h Library of Congress classification
|i unmediated -- volume
|m A14830775878
|
| 998 |
f |
f |
|a HM1176 .J65 2004
|t 0
|l Remote Storage
|